01629nam a2200205 450000500170000000800410001704000440005804100080010208200120011010000440012224500750016626000610024130000360030250005170033850504470085550600210130265000250132365000380134865000370138620160902083912.0160802s1880 sp |||f |||| 001 e spa d aCO-BoUCMbspacSandra YazodSandra Yazo0 aspa04220a8641 aSánchez de Toca, Joaquínd1854-194210aEnsayos sobre religión y políticacpor Joaquín Sánchez de Toca aMadrid (España)bImprenta de F. Maroto é hijosc1880 axiii, 581 páginasc24 x 16 cm aDetalles físicos: Encuadernación rígida (holandesa) en cartón forrado en papel, tapas con raspaduras y desgaste en bordes, lomo en cuero con nervaduras sobre costura y adornos en dorado. Guardas simulando papel de agua. Hoja de cortesía, con una anotación manuscrita. Anteportada, portada impresa en una sola tinta. Letras capitales. Texto en una sola columna, algunas notas al pie de página. Al final un remate. Papel muy manchado. Perteneció a la biblioteca de Mons. Rafael María Carrasquilla0 aPrólogo ; Vicisitudes del pontificado romano ; La iglesia y el estado ; El pontificado y la unidad italiana ; Carácter anticristiano de la revolución moderna y su impotencia contra el orden religioso ; La iglesia y la revolución en España ; La libertad de enseñanza ; De algunas herejías científicas del siglo XIX ; De alguna otra herejía filosófica del siglo XIX ; Temores y esperanzas respecto de las sociedades modernas aConsulta en sala 7aEnsayos españoles  7aReligión y política xEnsayos 7aLiteratura religiosa española